Czasowniki nieregularne Angielski - Statystyki

Ogólne statystyki
  • Ten quiz został rozwiązany 282 razy
  • Średni wynik to 66 z 87
Statystyki odpowiedzi
Hint Odpowiedź % Poprawnych
być 1 be
98%
2 was
95%
jeść 1 eat
94%
latać 1 fly
92%
iść 1 go
92%
kupować 1 buy
91%
pić 1 drink
91%
2 ate
89%
budować 1 build
89%
3 been
87%
2 bought
87%
3 bought
87%
2 broke
87%
2 drank
87%
3 eaten
87%
mieć 1 have
87%
dawać 1 give
86%
3 broken
85%
robić 1 do
85%
3 drunk
85%
2 went
85%
łamać 1 break
84%
ciąć 1 cut
84%
2 cut
84%
3 cut
84%
czuć 1 feel
82%
słyszeć 1 hear
82%
2 gave
81%
2 built
80%
3 built
80%
2 had
80%
3 had
80%
łapać 1 catch
79%
rysować 1 draw
79%
prowadzić 1 drive
79%
3 gone
79%
2 did
78%
3 done
78%
śnić, marzyć 1 dream
78%
2 felt
78%
3 felt
78%
znaleźć 1 find
77%
2 found
77%
3 found
77%
3 given
77%
wybierać 1 choose
76%
2 chose
76%
kosztować 1 cost
76%
2 cost
76%
3 cost
76%
2 drove
76%
2 flew
76%
zaczynać 1 begin
75%
stawać się 1 become
74%
3 become
74%
2 became
73%
3 chosen
72%
3 driven
72%
2 began
71%
3 begun
71%
przyjść 1 come
71%
3 come
71%
2 drew
71%
2 came
70%
2 heard
70%
3 heard
70%
dostawać 1 get
68%
2 got
67%
3 got
67%
3 flown
66%
uderzać 1 hit
65%
2 hit
65%
3 hit
65%
przynosić 1 bring
64%
2 caught
62%
3 caught
62%
3 drawn
62%
3 dreamt
59%
padać 1 fall
59%
2 grew
59%
rosnąć 1 grown
59%
3 grown
59%
2 fell
56%
3 fallen
54%
2 brought
53%
3 brought
53%
2 dreamed
48%
Nie znaleziono quizów pasujących do podanych kryteriów
Rozkład punktacji
Procent ludzi z każdym wynikiem
Percentyl według liczby udzielonych odpowiedzi
Twoja historia wyników
Nie rozwiązałeś tego quizu